|
|
|
|
| LEADER |
00914nam a2200241 a 4500 |
| 001 |
2661593 |
| 008 |
100110s1973 caua b 001 0 eng d |
| 010 |
|
|
|a 72088567
|
| 020 |
|
|
|a 087620390X
|
| 040 |
|
|
|a DLC
|c DLC
|d DLC
|d BD-DhAAL
|
| 082 |
0 |
0 |
|a 301.11/2
|
| 100 |
1 |
|
|a Speier, Matthew.
|
| 245 |
1 |
0 |
|a How to observe face-to-face communication:
|b a sociological introduction /
|c Matthew Speier
|
| 260 |
|
|
|a Pacific Palisades, Calif. :
|b Goodyear Pub. Co.,
|c 1973
|
| 300 |
|
|
|a xvii, 203 p. :
|b illus. ;
|c 23 cm.
|
| 504 |
|
|
|a Includes bibliographical references.
|
| 541 |
1 |
|
|e 00002300
|
| 650 |
|
0 |
|a Social interaction.
|
| 650 |
|
0 |
|a Oral communication.
|
| 650 |
|
0 |
|a Sociology
|x Research.
|
| 852 |
4 |
|
|a Ayesha Abed Library
|j General Shelf.
|
| 999 |
|
|
|c 6852
|d 6852
|
| 952 |
|
|
|0 0
|1 0
|2 ddc
|4 0
|6 301_112000000000000_SPE_1973
|7 0
|9 7063
|a BRACUL
|b BRACUL
|c GEN
|d 2010-01-11
|g 1192.50
|l 0
|o 301.112 SPE
|p 3010002300
|r 2010-01-11
|t 1
|w 2010-01-11
|y BK
|